| 000 | 00903nam a2200229Ia 4500 | ||
|---|---|---|---|
| 001 | 8963 | ||
| 003 | GE_BSU | ||
| 008 | 181216s||||||||xx |||||||||||||| ||und|| | ||
| 020 | _a978-9941-0-1498-7 | ||
| 040 | _cGE_BSU | ||
| 080 | _a327.36+335.01 | ||
| 100 | _aარონი,რაიმონ | ||
| 245 | _aმშვიდობა და ომი ერებს შორის | ||
| 245 | _cფრანგ.თარგმნა გიორგი სანიკიძე;სამეცნ.რედ.ზურაბ დავითაშვილი | ||
| 260 | _aთბილისი | ||
| 260 | _bმარსი | ||
| 260 | _c2009 | ||
| 300 | _a832გვ;29სმ | ||
| 653 | _aდიპლომატია; მშვიდობა; ომი; სოციოლოგია; | ||
| 653 | _aმშვიდობა და ომი ერებს შორის | ||
| 942 | _cBK | ||
| 999 |
_c42268 _d42268 |
||